Ejecución de los acuerdos de paz en El Salvador (Registro nro. 30098)

Detalles MARC
000 -CABECERA
Longitud fija campo de control 00663nam a22001937a 4500
003 - IDENTIFICADOR DELl NÚMERO DE CONTROL
Identificador del número de control OSt
005 - FECHA Y HORA DE LA ÚLTIMA TRANSACCIÓN
Fecha y hora de la última transacción 20191205145404.0
008 - CÓDIGOS DE INFORMACIÓN DE LONGITUD FIJA
Códigos de información de longitud fija 131119b xxu||||| |||| 00| 0 eng d
040 ## - FUENTE DE LA CATALOGACIÓN
Centro catalogador de origen BMC
Centro transcriptor BMC
082 ## - NÚMERO DE LA CLASIFICACIÓN DECIMAL DEWEY
Númeroo de clasificación 972.84053
082 ## - NÚMERO DE LA CLASIFICACIÓN DECIMAL DEWEY
Númeroo de clasificación 341.737284
110 1# - PUNTO DE ACCESO PRINCIPAL-NOMBRE DE ENTIDAD CORPORATIVA
9 (RLIN) 9633
Nombre de entidad corporativa o nombre de jurisdicción como elemento inicial El Salvador‏
Unidad subordinada Gobierno‏
245 10 - MENCIÓN DE TÍTULO
Título Ejecución de los acuerdos de paz en El Salvador
Resto del título : recalendarizaciones, acuerdos complementarios y otros documentos importantes
260 ## - PUBLICACIÓN, DISTRIBUCIÓN, ETC. (PIE DE IMPRENTA)
Lugar de publicación, distribución, etc. [San Salvador]
Nombre del editor, distribuidor, etc. Naciones Unidas
Fecha de publicación, distribución, etc. [1997]
300 ## - DESCRIPCIÓN FÍSICA
Extensión 191 p.
Otras características físicas 24 cm
650 24 - PUNTO DE ACCESO ADICIONAL DE MATERIA - TÉRMINO DE MATERIA
9 (RLIN) 9670
Término de materia o nombre geográfico como elemento inicial Tratados de paz
Subdivisión geográfica El Salvador
Subdivisión cronológica 1992
651 #4 - PUNTO DE ACCESO ADICIONAL DE MATERIA - NOMBRE GEOGRÁFICO
9 (RLIN) 9155
Nombre geográfico El Salvador
Subdivisión de materia general Historia
Subdivisión cronológica 1980-1992 (Guerra civil)
942 ## - ENTRADA DE ELEMENTOS AGREGADOS (KOHA)
Fuente de clasificaión o esquema Dewey Decimal Classification
Koha [por defecto] tipo de item 1- Monografias
Existencias
Suprimido Perdido Fuente de clasificación o esquema Estropeado Restricciones de uso No para préstamo Código de colección Localización permanente Localización actual Localización en estanter&íacute;as Fecha adquisición Fuente de adquisición Número de inventario Préstamos totales Signatura completa Código de barras Fecha última consulta Fecha último préstamo Fecha del precio de reemplazo Tipo de item de Koha
NULL NULL Dewey Decimal Classification NULL Prestable NULL NULL Biblioteca Miguel de Cervantes - UNICAES Biblioteca Miguel de Cervantes - UNICAES Sala Principal 10/12/2018 Donación - Embajada de Canadá 034378 2 972.84 ELS eje 1045360 24/05/2024 15/05/2024 18/02/2019 1- Monografias